| 000 | 00577nam a2200193Ia 4500 | ||
|---|---|---|---|
| 003 | GCL | ||
| 008 | 140319s9999 xx 000 0 ara d | ||
| 040 |
_aGCL / _cGCL |
||
| 082 | 0 | 4 |
_a873 _bك ر |
| 100 | 1 | _aكاتميلو خوسية ثيلا | |
| 245 | 1 | 0 |
_aرحلة الى القرية / _cكاتميلو خوسية ثيلا |
| 700 | 1 | _aمحمد ابوالعطا | |
| 260 |
_a[S.N] : _bدار سعاد الصباح ، _c1993 |
||
| 300 | _a260 ص | ||
| 490 | _a | ||
| 650 | 0 | 4 | _aالقصص الاجتماعية |
| 650 | 0 | 4 | _aالادب الاسبانى |
| 942 |
_2ddc _cBK |
||
| 999 |
_c54146 _d54146 |
||